| 000 | 00471cam a2200181ua 4500 | ||
|---|---|---|---|
| 020 | _a3-527-28836-8 | ||
| 041 |
_aeng _h |
||
| 082 |
_a667.29 _bHER/IN |
||
| 100 | _aHerbst, Willy. | ||
| 245 |
_aIndustrial organic pigments: Production, properties, applications / _cWilly Herbst. _hTextual Documents |
||
| 250 |
_a2 / _b. |
||
| 260 |
_aWeinheim : _bV C H , _c1997. |
||
| 300 | _a654 ; . | ||
| 504 | _a | ||
| 700 | 1 | _aHunger, Klaus. | |
| 942 | _cBK | ||
| 999 |
_c158 _d158 |
||